Steve McQueen Večný chlapec s modrými očami

Bibliographic Details
Main Author: -As- (Author)
Format: Article
Language:Slovak
PhysicalDescription:Fotogr. 1
ISSN:39-7451
Subjects:

MARC

LEADER 00000nab a2200000 a 4500
001 vtls000601959
003 SK-MaSNL
005 20260303014249.0
008 160321c1996 xo 0 slo
015 |a SNBRB19rr/mm-uuuuu 
035 |a CL0602098 
040 |a SNKBUCL  |b slo  |c SNKBUCL  |e AACR2 
041 0 |a slo 
044 |a xo  |c SK 
080 |a 791.44.071.2  |2 1981 
080 |a 929 McQueen, Steve  |2 1981 
100 1 |a -As-  |4 aut  |9 921602 
245 1 0 |a Steve McQueen  |b Večný chlapec s modrými očami  |c -as- 
300 |b Fotogr. 1 
600 1 7 |a McQueen, Steve  |d 1930-1980  |2 snkbucl  |9 106172 
655 7 |a články z novín a časopisov  |2 snkbucl  |9 267496 
773 0 |x 39-7451  |t Eurotelevízia  |g Roč. 6, č. 43 (1996), s. 38 
850 |a Slovenská národná knižnica v Martine  |a MTA001 
852 |a SNK  |b KIS3GCP 
958 |a US 
958 |a BC 
958 |a RK 
958 |a RBX 
999 |c 1606792  |d 1608722